Mikrobiologie v technologii vod /

Hlavní autor: Říhová Ambrožová, Jana, 1972-
Korporativní autor: Vysoká škola chemicko-technologická v Praze
Jazyk: Čeština
Vydáno: Praha : Vydavatelství VŠCHT, 2008
Vydání: Vyd. 2., přeprac.
Témata:
Externí odkaz: Digitalizovaný dokument
Fyzický popis: 252 s. : il. ; 29 cm
Knihy
Uloženo v:
LEADER 02000cam a2200529 a 4500
001 nkc20081807523
003 CZ PrNK
005 20090515093633.0
007 ta
008 051115s2008 xr a erp 000 0 cze d
015 |a cnb001807523 
020 |a 978-80-7080-676-0 
035 |a (OCoLC)316674194 
040 |a KLG001  |b cze  |d BOA001  |d CBA001  |d ABA001 
072 7 |a 579  |x Mikrobiologie  |2 Konspekt  |9 2 
072 7 |a 37.016  |x Učební osnovy. Vyučovací předměty. Učebnice  |2 Konspekt  |9 22 
080 |a 579+578  |2 MRF 
080 |a 579.68  |2 MRF 
080 |a 628.161.1  |2 MRF 
080 |a 502.175:502.51  |2 MRF 
080 |a (075.8)  |2 MRF 
100 1 |a Říhová Ambrožová, Jana,  |d 1972-  |7 mzk2003193081  |4 aut 
245 1 0 |a Mikrobiologie v technologii vod /  |c Jana Říhová Ambrožová 
250 |a Vyd. 2., přeprac. 
260 |a Praha :  |b Vydavatelství VŠCHT,  |c 2008 
300 |a 252 s. :  |b il. ;  |c 29 cm 
500 |a Terminologický slovník 
500 |a 300 výt. 
504 |a Obsahuje bibliografii 
550 |a Vydavatel: Vysoká škola chemicko-technologická v Praze 
500 |a Dostupné též v digitální podobě v aplikaci Kramerius 
650 0 7 |a mikrobiologie  |7 ph115303  |2 czenas 
650 0 7 |a mikrobiologie vody  |7 ph136725  |2 czenas 
650 0 7 |a kvalita vody  |7 ph135394  |2 czenas 
650 0 9 |a microbiology  |2 eczenas 
650 0 9 |a water microbiology  |2 eczenas 
650 0 9 |a water quality  |2 eczenas 
655 7 |a učebnice vysokých škol  |7 fd133772  |2 czenas 
655 9 |a textbooks (higher)  |2 eczenas 
710 2 |a Vysoká škola chemicko-technologická v Praze  |7 kn20010710384 
856 4 1 |u http://www.digitalniknihovna.cz/mzk/uuid/uuid:e835e170-157b-11ee-b813-005056827e51  |y Digitalizovaný dokument  |x NDK 
910 2 |a BOA001  |b 3-1217.584 
928 9 |a Vysoká škola chemicko-technologická v Praze 
990 |a BK 
995 |a 01 
991 |b 200902  |c NOV 
996 6 |b 2610364715  |c 3-1217.584  |l MZK  |r Sklad / do 1 hodiny  |n 12  |p p.v.  |w 000925670  |u 000010  |a 1  |e BOA001  |j MZK50  |s P